Normal view
MARC view
- NLS2024, NLSTEXTBOOKS, NLSEBOOKBANK, LAW OF TORTS
Entry Topical Term
001 - CONTROL NUMBER
- control field: 126920
003 - CONTROL NUMBER IDENTIFIER
- control field: NUST
005 - DATE AND TIME OF LATEST TRANSACTION
- control field: 20241113131017.0
008 - FIXED-LENGTH DATA ELEMENTS
- fixed length control field: 241113|| aca||aabn | a|a d
040 ## - CATALOGING SOURCE
- Original cataloging agency: NUST
- Transcribing agency: NUST
150 ## - HEADING--TOPICAL TERM
- Topical term or geographic name entry element: NLS2024, NLSTEXTBOOKS, NLSEBOOKBANK, LAW OF TORTS
670 ## - SOURCE DATA FOUND
- Source citation: Work cat.: (NUST)586609: Harpwood, Vivienne. 83466, Modern tort law , 2009.
